MARC

LEADER 00000nam0a2200000 4500
001 113102
005 20231031121721.0
035 |a (RuTPU)RU\TPU\book\122336 
090 |a 113102 
100 |a 20070406d1968 m y0rusy50 ca 
101 1 |a rus  |c eng 
102 |a RU 
105 |a a z 001zy 
200 1 |a Теплофизика  |e пер. с англ.  |f Ф. М. Морс 
210 |a Москва  |c Наука  |d 1968 
215 |a 416 с.  |c черт. 
320 |a Алф. указ.: с. 414-416. 
610 1 |a теплотехника 
610 1 |a теплофизика 
610 1 |a термодинамика 
610 1 |a кинетическая теория 
610 1 |a статистическая механика 
675 |a 536.2  |v 3 
700 1 |a Морс  |b Ф. М.  |g Филипп М. 
801 1 |a RU  |b 63413507  |c 20070406  |g PSBO 
801 2 |a RU  |b 63413507  |c 20100203  |g PSBO 
942 |c BK